Statistics for Synonyms for Bar Quiz

Click here to take the quiz!

General Stats

  • This quiz has been taken 17,078 times
  • The average score is 5 of 14

Answer Stats

HintAnswer% Correct
British or Irish barPub
94%
Old West barSaloon
90%
Bar with dancing and bouncersNight Club
65%
Talk quietly at this illegal barSpeakeasy
51%
Bar with fancy couchesLounge
42%
Open-air beer placeBeer Garden
34%
Bar or a place where animals drinkWatering Hole
31%
Old fashioned barTavern
30%
Star Wars barCantina
27%
Bar with fancy foodGastropub
13%
Bar that brews it's own beerBrewpub
11%
Tasting place at a breweryTap Room
4%
German, below-ground barRathskeller
3%
Illegal bar named for a sight-deprived animalBlind Pig
1%

Score Distribution

Percentile by Number Answered

Percent of People with Each Score

Your Score History

You have not taken this quiz